000 00433nam a2200181Ia 4500
003 GCL
008 140319s9999 xx 000 0 eng d
040 _aGCL /
_cGCL
082 0 4 _a953
_bI P
100 1 _aIBN KHALDUN
245 1 0 _aPEUPLES ET NATIONS DU MONDE /
_cIBN KHALDUN
700 1 _aCHEDDADI, ABDESSELAM
260 _a[S.N] :
_bSINDBAD
300 _a659 P
650 0 4 _aPHILOSOPHY
650 0 4 _aHISTORY
942 _2ddc
_cBK
999 _c25050
_d25050